000 00530nam a2200193Ia 4500
003 LDD
008 181029s9999 xx 000 0 und d
020 _a8130900645
_c795.00
040 _cLDD
100 _aBrdade, Sue
245 2 _aA practical guide to knowledge management
_cSue Brdade
260 _aNew Delhi
_bViva
_c2006
300 _a94p.
365 _b795.00
901 _a3710
_b17-01-2007
902 _a1343
_b18-01-2007
_cF
_dBB
_e35
903 _aDiscount-10
_bReqst by : Dhameja,
942 _2ddc
_cBK
999 _c77406
_d77406